Everything rocks and minerals : (Record no. 5716)

MARC details
000 -LEADER
fixed length control field 00905nam a22002417a 4500
001 - CONTROL NUMBER
control field 5716
003 - CONTROL NUMBER IDENTIFIER
control field FISKH
005 - DATE AND TIME OF LATEST TRANSACTION
control field 20250116163036.0
008 - FIXED-LENGTH DATA ELEMENTS--GENERAL INFORMATION
fixed length control field 250115b cb ||||| |||| 00| 0 eng d
040 ## - CATALOGING SOURCE
Original cataloging agency FISKH
Language of cataloging eng
Transcribing agency FISKH
Modifying agency FISKH
050 ## - LIBRARY OF CONGRESS CALL NUMBER
Classification number QE432.T665
082 ## - DEWEY DECIMAL CLASSIFICATION NUMBER
Classification number 552
100 ## - MAIN ENTRY--PERSONAL NAME
Personal name Tomecek, Steve
245 ## - TITLE STATEMENT
Title Everything rocks and minerals :
Remainder of title dazzling gems of photos and info that will rock your world! /
Statement of responsibility, etc. By Steve Tomecek with national geographic explorer Carsten Peter
260 ## - PUBLICATION, DISTRIBUTION, ETC.
Place of publication, distribution, etc. Washington, D.C. :
Name of publisher, distributor, etc. National Geographic ;
Date of publication, distribution, etc. 2011.
300 ## - PHYSICAL DESCRIPTION
Extent 64 pages :
Other physical details color illustrations ;
Dimensions 28 cm .
490 ## - SERIES STATEMENT
Series statement National Geographic Kids
520 ## - SUMMARY, ETC.
Summary, etc. This book describes how rocks and minerals are formed by geological processes, and how they are used in our lives.
650 ## - SUBJECT ADDED ENTRY--TOPICAL TERM
Topical term or geographic name entry element rocks and minerals
Form subdivision non-fiction
700 ## - ADDED ENTRY--PERSONAL NAME
Personal name Peter, Carsten
Relator term author
942 ## - ADDED ENTRY ELEMENTS (KOHA)
Source of classification or shelving scheme Dewey Decimal Classification
Koha item type Books
Suppress in OPAC No
Holdings
Withdrawn status Lost status Source of classification or shelving scheme Damaged status Not for loan Collection Home library Current library Shelving location Date acquired Total Checkouts Barcode Date last seen Price effective from Koha item type
    Dewey Decimal Classification     Non-Fiction Footprints International School Library Network Toul Kork Campus Footprints International School Library Network Toul Kork Campus TTP Secondary Non-Fiction Bookshelves 01/15/2025   FISSE00951 01/15/2025 01/15/2025 Books